| 000 | 02034nam0a2200361 4500 | ||
|---|---|---|---|
| 001 | RU\NLR\bibl\1524865 | ||
| 005 | 20250616032044.0 | ||
| 010 |
_a978-5-93179-259-0 _9150 |
||
| 021 |
_aRU _b2010-36767 _92462 |
||
| 035 | _a(nilc)RSL-KNO-004646803 | ||
| 035 | _a(NLR Aleph) 001516214 | ||
| 090 |
_a111649 _c111649 |
||
| 100 | _a20100519d2009 |||y0rusy50 ca | ||
| 101 | 0 | _arus | |
| 102 | _aRU | ||
| 105 | _ay ||||||||| | ||
| 200 | 1 |
_aИнформатизация как фактор повышения эффективности деятельности органов исполнительной власти _eмонография _fПроскурякова Л.Г. _gФедер. агентство по образованию, Гос. образоват. учреждение высш. проф. образования "Орлов. регион. акад. гос. службы" |
|
| 210 |
_aОрел _cИзд-во ОРАГС _d2009 |
||
| 215 |
_a199 с. _d20 |
||
| 320 | _aБиблиогр.: с. 186-199 и в подстроч. примеч. | ||
| 606 | 1 |
_aОрганы государственного управления _xИнформатизация _xПравовое регулирование _yРоссийская Федерация _92221113 _3RU\NLR\auth\661333705 |
|
| 610 | 0 | _aГосударство и право. Юридические науки -- Административное право -- российская Федерация -- Субъекты административного права -- Органы государственного управления -- Информационные технологии | |
| 686 |
_aХ621.011с11,0 _2rubbk |
||
| 686 | _aХ621с51 | ||
| 700 | 1 |
_aПроскурякова _bЛ. Г. _gЛюбовь Гавриловна _4070 |
|
| 801 | 0 |
_aRU _bРГБ _c20100519 _grcr |
|
| 801 | 1 |
_aRU _bРГБ _c20100519 |
|
| 801 | 2 |
_aRU _bNLR _c20100618 _grcr |
|
| 830 | _aавт. раскрыт по кн. | ||
| 942 | _cBOOK | ||
| 980 | _aNB | ||
| 980 | _aNBR | ||